Sports Quiz

Random Sports or NHL Quiz

Notable Team Owners Quiz Stats

 Plays Quiz Retired Jun 22, 2021

     
Support Sporcle.
Go Orange.
Score 0/25 Timer 06:00
0 Plays Today
Team(s) Owner % Correct
Dallas CowboysJerry Jones
90.1%
New York YankeesHal Steinbrenner
88.5%
Dallas MavericksMark Cuban
85.3%
New England PatriotsRobert Kraft
71%
Charlotte HornetsMichael Jordan
67.2%
Las Vegas RaidersMark Davis
58.5%
Washington Football TeamDan Snyder
54.7%
Los Angeles LakersBuss Family
50.7%
Pittsburgh SteelersRooney Family
44.4%
Detroit LionsMartha Firestone Ford
44.3%
Pittsburgh PenguinsMario Lemieux and Ron Burkle
36.8%
Los Angeles ClippersSteve Ballmer
34.4%
Chicago White Sox/Chicago BullsJerry Reinsdorf
33.5%
Team(s) Owner % Correct
Boston Red SoxJohn Henry, Tom Werner, and Larry Lucchino
29.8%
Indianapolis ColtsJim Irsay
29.4%
Minnesota VikingsZygi Wilf
28.4%
New York Rangers/New York KnicksJames Dolan
26.6%
Sacramento KingsVivek Ranadivé
25.9%
New York MetsSteve Cohen
22.4%
Los Angeles DodgersGuggenheim Group
22.2%
Baltimore OriolesPeter Angelos
19.5%
Detroit Tigers/Detroit Red WingsChristopher Ilitch
18.4%
Tampa Bay BuccaneersGlazer Family
18.4%
Atlanta FalconsArthur Blank
14.7%
New York IslandersJon Ledecky and Scott D. Malkin
12.8%

From the Vault

AEIOU Game

by BanjoZebra

What about Y? Won't someone think of the poor Ys!?
Remove Ads.
Support Sporcle.
Get the best of Sporcle when you Go Orange. This ad-free experience offers more features, more stats, and more fun while also helping to support Sporcle. Thank you for becoming a member.

Show Comments

Extras

Top Quizzes Today


Score Distribution

Your Account Isn't Verified!

In order to create a playlist on Sporcle, you need to verify the email address you used during registration. Go to your Sporcle Settings to finish the process.

Report this User

Report this user for behavior that violates our Community Guidelines.

Details: